000
00312nam a2200097Ia 4500
008
160609s9999 xx 000 0 und d
245
_a
Disciplinary Intuitions And The Design Of Learning Environments
260
_c
2014
650
_x
CURRICULUM DEVELOPMENT
856
_u
http://file.ebook777.com/DiInAnThDeOfLeEn.pdf
999
_c
295857
_d
295857